Political Philosophy of Muhammad Iqbal (Record no. 14264)

MARC details
000 -LEADER
fixed length control field 00689nam a2200241 a 4500
020 ## - INTERNATIONAL STANDARD BOOK NUMBER
ISBN 9781107038189
082 00 - DEWEY DECIMAL CLASSIFICATION NUMBER
Classification number 922.97
Author Cutter SEV
100 ## - MAIN ENTRY--AUTHOR NAME
Author name Sevea, Iqbal Singh
245 ## - TITLE STATEMENT
Title Political Philosophy of Muhammad Iqbal
Sub title Islam and Nationalism in Late Colonial India
260 ## - PUBLICATION, DISTRIBUTION, ETC. (IMPRINT)
Place of publication New Delhi
Name of publisher Cambridge University Press
Year of publication 2012
300 ## - PHYSICAL DESCRIPTION
Number of Pages 214p
500 ## - GENERAL NOTE
General note includes index and biblioraphy
505 2# - FORMATTED CONTENTS NOTE
Formatted contents note Select Bibliography, Index
650 ## - SUBJECT ADDED ENTRY--TOPICAL TERM
Topical Term Iqbal-Philosophy
942 ## - ADDED ENTRY ELEMENTS (KOHA)
Koha item type Books
700 1# -
-- Sevea, Iqbal Singh
Holdings
Collection code Home library Current library Date acquired Cost, normal purchase price Full call number Accession Number Koha item type
  Henry Martyn Institute Library Henry Martyn Institute Library 02/11/2013 595.00 922.97 SEV 024029 Books
                   Copyright © 2026 | Henry Martyn Institute | Hyderabad | TS-500052 | INDIA | Implemented by hmi.edu.in
Hit-Count:

Powered by Koha